[Event "Blankenese op 3rd"]
[Site "Hamburg"]
[Date "2019.10.04"]
[Round "3"]
[White "Wobbe, Sven"]
[Black "Schulz, Hans Juergen"]
[Result "1-0"]
[WhiteElo "1989"]
[BlackElo "1746"]
[PlyCount "47"]
[EventDate "2019.10.03"]
[EventType "swiss"]
[EventRounds "7"]
[EventCountry "GER"]
[SourceTitle "EXT 2023"]
[Source "ChessBase"]
[SourceDate "2022.10.05"]
[SourceVersion "1"]
[SourceVersionDate "2022.10.05"]
[SourceQuality "1"]

1. e4 e5 2. Nf3 Nc6 3. Bb5 a6 4. Ba4 Nf6 5. 0-0 b5 6. Bb3 d6 7. c3 Be7 8. d3 Be6 9. Nbd2 Qd7 10. Re1 0-0 11. Nf1 Kh8 12. Ng3 Rae8 13. a4 h6 14. axb5 axb5 15. d4 exd4 16. cxd4 d5 17. e5 Nh7 18. Bc2 Nb4 19. Bb1 Ra8 20. Ra3 c5 21. dxc5 Bxc5 22. Bxh6 f5 23. exf6 Rxf6 24. Rxa8+ 1-0

[Event "Lueneburg op-A"]
[Site "Lueneburg"]
[Date "2019.08.07"]
[Round "5"]
[White "Wobbe, Sven"]
[Black "Doederlein, Etienne"]
[Result "1-0"]
[WhiteElo "2019"]
[BlackElo "1868"]
[PlyCount "27"]
[EventDate "2019.08.03"]
[EventType "swiss"]
[EventRounds "9"]
[EventCountry "GER"]
[SourceTitle "CBM 191 Extra"]
[Source "ChessBase"]
[SourceDate "2019.09.30"]
[SourceVersion "1"]
[SourceVersionDate "2019.09.30"]
[SourceQuality "1"]

1. e4 c6 2. d4 d5 3. e5 c5 4. dxc5 Nc6 5. Nf3 Bg4 6. Nbd2 e6 7. h3 Bxf3 8. Nxf3 Bxc5 9. Bd3 Nge7 10. 0-0 0-0 11. Bxh7+ Kxh7 12. Ng5+ Kg6 13. Qg4 f5 14. exf6 1-0

[Event "Lueneburg op-A"]
[Site "Lueneburg"]
[Date "2018.07.10"]
[Round "6"]
[White "Stork, Oliver"]
[Black "Wobbe, Sven"]
[Result "1/2-1/2"]
[WhiteElo "2111"]
[BlackElo "2049"]
[PlyCount "129"]
[EventDate "2018.07.06"]
[EventType "swiss"]
[EventRounds "9"]
[EventCountry "GER"]
[SourceTitle "CBM 185 Extra"]
[Source "ChessBase"]
[SourceDate "2018.07.29"]
[SourceVersion "1"]
[SourceVersionDate "2018.07.29"]
[SourceQuality "1"]

1. c4 e5 2. g3 Nc6 3. Bg2 Bc5 4. Nc3 a6 5. Nf3 d6 6. d3 Nf6 7. 0-0 0-0 8. a3 h6 9. b4 Ba7 10. Bb2 Re8 11. Nd2 Ne7 12. Rc1 c6 13. Nde4 Nf5 14. a4 Be6 15. b5 axb5 16. axb5 Nh7 17. Ra1 d5 18. Nd2 Nf6 19. Ra4 Bb6 20. Rxa8 Qxa8 21. cxd5 cxd5 22. e4 dxe4 23. Ncxe4 Nxe4 24. Nxe4 Bd4 25. Bxd4 Nxd4 26. Qh5 Qa3 27. Qxe5 Qxd3 28. Nd6 Re7 29. Re1 Nf3+ 30. Bxf3 Qxf3 31. Nf5 Bxf5 32. Qxe7 Be6 33. Qd8+ Kh7 34. Re3 Qg4 35. Qd3+ g6 36. Re4 Qg5 37. Rxe6 fxe6 38. Qd7+ Kh8 39. Qc8+ Kg7 40. Qxb7+ Kf6 41. b6 Qc1+ 42. Kg2 Qb1 43. h3 h5 44. Qc7 g5 45. b7 Qe4+ 46. Kf1 Qh1+ 47. Ke2 Qe4+ 48. Kd2 Qd4+ 49. Kc1 Qa1+ 50. Kc2 Qa4+ 51. Kc3 Qa3+ 52. Kd4 Qb4+ 53. Ke3 Qe1+ 54. Kd4 Qb4+ 55. Kd3 Qb1+ 56. Ke3 Qe1+ 57. Kf3 Qh1+ 58. Ke2 Qe4+ 59. Kd2 Qd4+ 60. Kc2 Qa4+ 61. Kb1 Qb3+ 62. Kc1 Qa3+ 63. Kd1 Qd3+ 64. Kc1 Qa3+ 65. Kc2 1/2-1/2

[Event "Blankenese op 1st"]
[Site "Hamburg"]
[Date "2017.10.03"]
[Round "5.17"]
[White "Wobbe, Sven"]
[Black "Kunow, Frank"]
[Result "1-0"]
[WhiteElo "2010"]
[BlackElo "1856"]
[PlyCount "41"]
[EventDate "2017.09.30"]
[EventType "swiss"]
[EventRounds "7"]
[EventCountry "GER"]
[SourceTitle "EXT 2020"]
[Source "ChessBase"]
[SourceDate "2019.10.17"]
[SourceVersion "1"]
[SourceVersionDate "2019.10.17"]
[SourceQuality "1"]

1. e4 g6 2. d4 Bg7 3. Nf3 d6 4. Be2 Nd7 5. 0-0 e6 6. c4 Ne7 7. Nc3 0-0 8. Be3 h6 9. Qd2 Kh7 10. Rad1 a6 11. Ne1 e5 12. f4 f5 13. dxe5 dxe5 14. fxe5 Bxe5 15. Bxh6 Rf7 16. Nf3 Qe8 17. Ng5+ Kxh6 18. Nxf7+ Kg7 19. Nxe5 Nxe5 20. Nd5 Qd8 21. Qg5 1-0

[Event "Lueneburg op-A"]
[Site "Lueneburg"]
[Date "2017.07.15"]
[Round "8"]
[White "Popvasilev, Kalojan"]
[Black "Wobbe, Sven"]
[Result "1/2-1/2"]
[WhiteElo "1943"]
[BlackElo "2071"]
[PlyCount "63"]
[EventDate "2017.07.08"]
[EventType "swiss"]
[EventRounds "9"]
[EventCountry "GER"]
[SourceTitle "CBM 179 Extra"]
[Source "ChessBase"]
[SourceDate "2017.08.23"]
[SourceVersion "1"]
[SourceVersionDate "2017.08.23"]
[SourceQuality "1"]

1. e4 c5 2. Nf3 e6 3. d4 cxd4 4. Nxd4 a6 5. Nc3 Qc7 6. Bd3 Nf6 7. 0-0 Nc6 8. Nxc6 bxc6 9. Qe2 e5 10. Bg5 Be7 11. f4 d6 12. fxe5 dxe5 13. Kh1 a5 14. Bc4 Qa7 15. Be3 Bc5 16. Bg5 Be7 17. h3 0-0 18. Rf3 Rd8 19. Raf1 Rd6 20. Nd1 Ba6 21. Bxf6 Rxf6 22. Rxf6 Bxf6 23. Bxa6 Qxa6 24. Qxa6 Rxa6 25. Ne3 Kf8 26. a4 Bd8 27. Rd1 Ke8 28. Nf5 Bf6 29. Nd6+ Ke7 30. Nf5+ Ke8 31. Nd6+ Ke7 32. Nf5+ 1/2-1/2

[Event "Bargteheide op"]
[Site "Bargteheide"]
[Date "2015.05.14"]
[Round "2"]
[White "Nedic, Dusan"]
[Black "Wobbe, Sven"]
[Result "1-0"]
[WhiteElo "2314"]
[BlackElo "2136"]
[PlyCount "69"]
[EventDate "2015.05.14"]
[EventType "swiss"]
[EventRounds "7"]
[EventCountry "GER"]
[SourceTitle "CBM 166 Extra"]
[Source "ChessBase"]
[SourceDate "2015.06.18"]
[SourceVersion "1"]
[SourceVersionDate "2015.06.18"]
[SourceQuality "1"]

1. Nf3 c5 2. g3 e6 3. Bg2 Nf6 4. 0-0 Be7 5. c4 0-0 6. Nc3 d6 7. d4 cxd4 8. Nxd4 a6 9. b3 Qc7 10. Bb2 Nc6 11. Rc1 Nxd4 12. Qxd4 Rb8 13. Rfd1 Rd8 14. h3 b6 15. e4 Bb7 16. Qe3 h6 17. Kh2 Ba8 18. f4 Nd7 19. Ne2 Rbc8 20. Nd4 Qb8 21. Qe2 Bf6 22. Ba3 Nc5 23. Rd2 Re8 24. b4 Nd7 25. Nb3 Rcd8 26. Rcd1 Nf8 27. b5 Be7 28. bxa6 Qc8 29. Nd4 Qxa6 30. Nb5 d5 31. Bxe7 Rxe7 32. exd5 Red7 33. dxe6 Rxd2 34. exf7+ Kxf7 35. Rxd2 1-0

[Event "Hamburg St Pauli op"]
[Site "Hamburg"]
[Date "2012.07.11"]
[Round "5"]
[White "Sturm, Timo"]
[Black "Wobbe, Sven"]
[Result "1-0"]
[WhiteElo "2002"]
[BlackElo "2192"]
[PlyCount "71"]
[EventDate "2012.07.07"]
[EventType "swiss"]
[EventRounds "9"]
[EventCountry "GER"]
[SourceTitle "EXT 2013"]
[Source "ChessBase"]
[SourceDate "2012.11.22"]
[SourceVersion "1"]
[SourceVersionDate "2012.11.22"]
[SourceQuality "1"]

1. d4 Nf6 2. Nf3 e6 3. c4 c5 4. d5 exd5 5. cxd5 d6 6. Nc3 g6 7. e4 Bg7 8. Bd3 0-0 9. 0-0 Bg4 10. Re1 Nbd7 11. Bf4 Ne8 12. Rb1 a6 13. a4 Ne5 14. Be2 Nxf3+ 15. Bxf3 Bxf3 16. Qxf3 Qd7 17. e5 dxe5 18. Bxe5 b5 19. d6 Nxd6 20. Rbd1 Rae8 21. Bxg7 Rxe1+ 22. Rxe1 Kxg7 23. Nd5 Qf5 24. Qc3+ f6 25. Qxc5 Nf7 26. Qc6 bxa4 27. Nc7 Kg8 28. h3 Qc8 29. Re7 Qd8 30. Rd7 Qc8 31. Qe6 Qb8 32. Qxf6 a3 33. Nd5 Qe5 34. Ne7+ Qxe7 35. Rxe7 axb2 36. Qxb2 1-0

[Event "Schleswig Holstein-ch M class"]
[Site "Schleswig Holstein"]
[Date "2012.03.31"]
[Round "1"]
[White "Wobbe, Sven"]
[Black "Berger, Joachim"]
[Result "1-0"]
[WhiteElo "2212"]
[BlackElo "2042"]
[PlyCount "55"]
[EventDate "2012.03.31"]
[EventType "swiss"]
[EventRounds "9"]
[EventCountry "GER"]
[SourceTitle "EXT 2022"]
[Source "ChessBase"]
[SourceDate "2021.10.06"]
[SourceVersion "1"]
[SourceVersionDate "2021.10.06"]
[SourceQuality "1"]

1. e4 e5 2. Nf3 Nc6 3. Bb5 a6 4. Ba4 Nf6 5. 0-0 Nxe4 6. d4 b5 7. Bb3 d5 8. dxe5 Be6 9. c3 Bc5 10. Nbd2 0-0 11. Qe2 Nxd2 12. Bxd2 Qd7 13. Be3 Bxe3 14. Qxe3 Na5 15. Bc2 Nc4 16. Qd3 g6 17. b3 Bf5 18. Qe2 Bxc2 19. Qxc2 Na5 20. Rad1 Rad8 21. Qd2 Nc6 22. Rfe1 Ne7 23. Ng5 Qc6 24. e6 f6 25. Nf7 Rde8 26. g4 Kg7 27. Qh6+ Kg8 28. Re3 1-0

[Event "Hamburg St Pauli op-A"]
[Site "Hamburg"]
[Date "2011.07.12"]
[Round "5"]
[White "Stelting, Thorsten"]
[Black "Wobbe, Sven"]
[Result "1/2-1/2"]
[WhiteElo "2252"]
[BlackElo "2180"]
[PlyCount "100"]
[EventDate "2011.07.09"]
[EventType "swiss"]
[EventRounds "9"]
[EventCountry "GER"]
[SourceTitle "CBM 143 Extra"]
[Source "ChessBase"]
[SourceDate "2011.08.29"]
[SourceVersion "1"]
[SourceVersionDate "2011.08.29"]
[SourceQuality "1"]

1. e4 c5 2. Nf3 e6 3. d4 cxd4 4. Nxd4 a6 5. Nc3 Qc7 6. g3 Nf6 7. Bg2 d6 8. 0-0 Be7 9. a4 0-0 10. a5 Nc6 11. Nb3 Ne5 12. h3 Bd7 13. g4 Bc6 14. g5 Nfd7 15. f4 Nc4 16. Qe2 b5 17. axb6 Qxb6+ 18. Kh1 Bb5 19. Nxb5 axb5 20. Rxa8 Rxa8 21. c3 Bf8 22. h4 Rc8 23. f5 exf5 24. exf5 b4 25. Nd4 bxc3 26. bxc3 Nce5 27. Bd2 Qc5 28. Rb1 Rb8 29. Rxb8 Nxb8 30. Qb5 Qa7 31. Bd5 Nbd7 32. g6 hxg6 33. fxg6 Nxg6 34. Bxf7+ Kxf7 35. Qf5+ Kg8 36. Qxg6 Ne5 37. Qe6+ Qf7 38. Kg2 g6 39. Bf4 Nd3 40. Bg3 Qxe6 41. Nxe6 Be7 42. Kf3 Kf7 43. Nc7 Nc5 44. c4 Ne6 45. Nb5 Ng7 46. Nxd6+ Ke6 47. Ne4 Nf5 48. Ng5+ Kd7 49. Bf2 Kc6 50. Ne4 Nxh4+ 1/2-1/2

[Event "Hamburg St Pauli op-A"]
[Site "Hamburg"]
[Date "2011.07.11"]
[Round "4"]
[White "Wobbe, Sven"]
[Black "Meyer, Malte"]
[Result "1/2-1/2"]
[WhiteElo "2180"]
[BlackElo "2315"]
[PlyCount "123"]
[EventDate "2011.07.09"]
[EventType "swiss"]
[EventRounds "9"]
[EventCountry "GER"]
[SourceTitle "CBM 143 Extra"]
[Source "ChessBase"]
[SourceDate "2011.08.29"]
[SourceVersion "1"]
[SourceVersionDate "2011.08.29"]
[SourceQuality "1"]

1. e4 c5 2. Nf3 Nc6 3. Bb5 g6 4. Bxc6 dxc6 5. h3 Bg7 6. d3 Nf6 7. 0-0 Nd7 8. Nc3 0-0 9. Be3 e5 10. Qd2 Re8 11. Nh2 Qe7 12. Bh6 Qf8 13. Bxg7 Qxg7 14. f4 exf4 15. Qxf4 Ne5 16. Nf3 Bd7 17. Nxe5 Rxe5 18. Rf2 Rae8 19. Raf1 Be6 20. Qg3 f5 21. exf5 Bxf5 22. Ne4 Bxe4 23. Rf7 Qxf7 24. Rxf7 Kxf7 25. dxe4 b6 26. a4 c4 27. Qg4 c5 28. a5 R8e7 29. Qc8 Rxe4 30. Qa6 c3 31. bxc3 bxa5 32. Qxa5 R4e5 33. Qd8 h5 34. Qd6 h4 35. Qd2 g5 36. Qd3 Ke8 37. Qg6+ Kd7 38. Qa6 Kd8 39. Qd6+ Kc8 40. Qc6+ Kb8 41. c4 Rc7 42. Qd6 Rf5 43. Qe6 Rcf7 44. Qe8+ Kc7 45. Kh2 Kd6 46. Qd8+ Ke6 47. Qe8+ Kf6 48. Qh8+ Kg6 49. Qg8+ Kh6 50. Qh8+ Rh7 51. Qg8 Rf6 52. Qc8 Re7 53. Qxc5 Re1 54. Qxa7 Rff1 55. Qb6+ Kg7 56. Qc7+ Kf6 57. Qd6+ Kf7 58. Qd7+ Kf6 59. Qd6+ Kg7 60. Qc7+ Kh6 61. Qb6+ Kg7 62. Qc7+ 1/2-1/2

[Event "Hamburg St Pauli op-A"]
[Site "Hamburg"]
[Date "2010.07.14"]
[Round "6"]
[White "Wiener, Christian"]
[Black "Wobbe, Sven"]
[Result "1/2-1/2"]
[WhiteElo "2092"]
[BlackElo "2171"]
[PlyCount "87"]
[EventDate "2010.07.10"]
[EventType "swiss"]
[EventRounds "9"]
[EventCountry "GER"]
[SourceTitle "EXT 2013"]
[Source "ChessBase"]
[SourceDate "2012.11.22"]
[SourceVersion "1"]
[SourceVersionDate "2012.11.22"]
[SourceQuality "1"]

1. d4 Nf6 2. g3 c5 3. c3 Qa5 4. Nd2 cxd4 5. cxd4 Nc6 6. Ngf3 d5 7. Bg2 Bf5 8. 0-0 e6 9. Nb3 Qb6 10. Nh4 Bg6 11. Nxg6 hxg6 12. f3 Be7 13. Be3 0-0 14. Bf2 Rfc8 15. e4 Na5 16. Nxa5 Qxa5 17. Qb3 Rc7 18. Rfc1 Rac8 19. Rxc7 Rxc7 20. Be1 Qa6 21. Bf1 Qc6 22. e5 Nh7 23. Ba5 b6 24. Bc3 Nf8 25. Bd3 Nd7 26. Rc1 Qb7 27. Qa4 Kf8 28. Ba6 Qa8 29. Rc2 Nb8 30. Bd3 Qb7 31. Bb4 Rxc2 32. Bxe7+ Qxe7 33. Qxc2 Qd7 34. Qd2 Qa4 35. Qc3 Nc6 36. b4 Qxb4 37. Qxc6 Qxd4+ 38. Kg2 Qxd3 39. Qa8+ Ke7 40. Qxa7+ Ke8 41. Qb8+ Ke7 42. Qd6+ Ke8 43. Qc6+ Ke7 44. Qd6+ 1/2-1/2

[Event "Hamburg St Pauli op-A"]
[Site "Hamburg"]
[Date "2010.07.10"]
[Round "1"]
[White "Wobbe, Sven"]
[Black "Leube, Oliver"]
[Result "1-0"]
[WhiteElo "2171"]
[BlackElo "1967"]
[PlyCount "75"]
[EventDate "2010.07.10"]
[EventType "swiss"]
[EventRounds "9"]
[EventCountry "GER"]
[SourceTitle "EXT 2013"]
[Source "ChessBase"]
[SourceDate "2012.11.22"]
[SourceVersion "1"]
[SourceVersionDate "2012.11.22"]
[SourceQuality "1"]

1. e4 d5 2. exd5 Qxd5 3. Nc3 Qd8 4. d4 Nf6 5. Bc4 Bg4 6. f3 Bf5 7. Nge2 e6 8. Be3 c6 9. 0-0 Bd6 10. Ng3 Bg6 11. Nce4 Nxe4 12. Nxe4 Be7 13. Qd2 Nd7 14. Rad1 0-0 15. Bb3 Nf6 16. Nxf6+ Bxf6 17. c4 Qc7 18. Qf2 b6 19. Rd2 Rad8 20. Rfd1 h6 21. a3 Rfe8 22. Ba4 Rf8 23. Qg3 e5 24. d5 cxd5 25. cxd5 Qc4 26. Bc6 Qh4 27. Qxh4 Bxh4 28. d6 Rc8 29. Bb5 Rc2 30. Rxc2 Bxc2 31. Rc1 Bf5 32. Rc7 Rd8 33. d7 a6 34. Bc6 Rb8 35. Bb7 Bd8 36. Rc8 Rxb7 37. Rxd8+ Kh7 38. Rh8+ 1-0